00520nam a2200157Ia 4500008004100000020001500041041000800056082001800064100002200082245007700104250000600181260003500187300001000222999001900232952011100251210716s1999 xx 000 0 und d a0139171649 aeng a332.6322 HAUR aHaugen, Robert A. aInefficient stock market: what pays off and why.bWhat pays off and why. a1 aUSAbPrentice Hall Indiac1999 ax,150 c200734d200734 001040708MBAaAIMITbAIMITd2006-03-02l0o332.6322 HAURpMBA03299r2026-05-23 00:00:00w2021-07-16yBK